Zrušenie privilégia profesorov a jeho vplyv na kvalitu patentov univerzít

Po vzore USA zmenilo v roku 2000 niekoľko európskych krajín legislatívu v oblasti duševného vlastníctva univerzitných patentov. Dánsko, Nemecko, Rakúsko, Nórsko a Fínsko zrušili „profesorské privilégium“ vlastniť patenty, ktoré sú výsledkom ich výskumu na univerzite. Tieto práva boli prenesené na sa...

Ausführliche Beschreibung

Gespeichert in:
Bibliographische Detailangaben
1. Verfasser: Tichý, Juraj
Weitere Verfasser: Rehák, Štefan, 1974-
Format: Buchkapitel
Sprache:Slowakisch
Schlagworte:
Tags: Tag hinzufügen
Keine Tags, Fügen Sie das erste Tag hinzu!

MARC

LEADER 00000naa a2200000 4500
001 0312510
005 20250929111300.0
041 0 |a slo 
044 |a SK 
245 1 0 |a Zrušenie privilégia profesorov a jeho vplyv na kvalitu patentov univerzít  |c Juraj Tichý, Štefan Rehák 
520 |a Po vzore USA zmenilo v roku 2000 niekoľko európskych krajín legislatívu v oblasti duševného vlastníctva univerzitných patentov. Dánsko, Nemecko, Rakúsko, Nórsko a Fínsko zrušili „profesorské privilégium“ vlastniť patenty, ktoré sú výsledkom ich výskumu na univerzite. Tieto práva boli prenesené na samotné univerzity. Zároveň univerzity vytvorili administratívny systém na zabezpečenie lepšej ochrany duševného vlastníctva a zlepšenie komerčného využitia akademického výskumu. Zhodnotenie vplyvu daných reforiem na kvalitu patentov vytvorených na univerzitách. 
610 2 0 |a vlastníctvo duševné 
610 2 0 |a patenty 
610 2 0 |a univerzity 
610 2 0 |a legislatíva 
100 1 |a Tichý, Juraj 
700 1 |a Rehák, Štefan, 1974-